000
00325nam a22001457a 4500
008
231127b ||||| |||| 00| 0 eng d
020
_a
0803924968
041
_a
eng
080
_a
316
082
_a
316WAL
100
_a
24
101
_a
SOCO
245
_a
FEMINISM AND SOCIOLOGICAL THEORY
_c
WALLACE.A.R
942
_2
udc
_c
BK
999
_c
60543
_d
60543